240 Capitales Reverse - Statistiques

Statistiques générales
  • Ce quiz a été pris 20 fois
    17 depuis la dernière actualisation
  • Le résultat moyen est 86 sur 240
Statistiques - réponses
Hint Réponse % Correct
Bruxelles Belgique
100%
Pretoria (administrative) / Le Cap (législative) / Bloemfontein (judiciaire) Afrique du Sud
93%
Andorre-la-Vieille Andorre
93%
Luxembourg Luxembourg
93%
Canberra Australie
80%
Bogotá Colombie
80%
New Delhi Inde
80%
Reykjavik Islande
80%
Moscou Russie
80%
Oslo Norvège
73%
Panama City Panama
73%
Londres Royaume-Uni
73%
Alger Algérie
67%
Berlin Allemagne
67%
Buenos Aires Argentine
67%
Pékin Chine
67%
Cité du Vatican Cité du Vatican
67%
Madrid Espagne
67%
Athènes Grèce
67%
Téhéran Iran
67%
Tokyo Japon
67%
Mexico Mexique
67%
Amsterdam (officielle) / La Haye (siège du gouvernement) Pays-Bas
67%
Lisbonne Portugal
67%
Dakar Sénégal
67%
Tunis Tunisie
67%
Tirana Albanie
60%
Vienne Autriche
60%
Minsk Bélarus
60%
Sucre (officielle) / Le Paz (administrative) Bolivie
60%
Brasília Brésil
60%
Yaoundé Cameroun
60%
Ottawa Canada
60%
Pyongyang Corée du Nord
60%
Séoul Corée du Sud
60%
Copenhague Danemark
60%
Le Caire Égypte
60%
Paris France
60%
Guatemala City Guatemala
60%
Hong Kong Hong Kong
60%
Jérusalem (revendiquée) / Tel Aviv (de facto) Israël
60%
Rome Italie
60%
Riga Lettonie
60%
Bamako Mali
60%
Monaco Monaco
60%
Doha Qatar
60%
Bucarest Roumanie
60%
Singapour Singapour
60%
Prague Tchéquie (République tchèque)
60%
Bangkok Thaïlande
60%
Riyad Arabie saoudite
53%
Sofia Bulgarie
53%
Phnom Penh Cambodge
53%
Brazzaville Congo (Brazzaville)
53%
La Havane Cuba
53%
Djibouti Djibouti
53%
Abou Dabi Émirats arabes unis
53%
Washington D.C. États-Unis
53%
Helsinki Finlande
53%
Gibraltar Gibraltar
53%
Budapest Hongrie
53%
Jakarta Indonésie
53%
Bagdad Irak
53%
Dublin Irlande
53%
Beyrouth Liban
53%
La Valette Malte
53%
Rabat Maroc
53%
Katmandou Népal
53%
Wellington Nouvelle-Zélande
53%
Ramallah (administrative) / Jérusalem-Est (revendiquée) Palestine
53%
Lima Pérou
53%
Varsovie Pologne
53%
Saint-Marin Saint-Marin
53%
San Salvador Salvador
53%
São Tomé Sao Tomé-et-Principe
53%
Belgrade Serbie
53%
Stockholm Suède
53%
Berne Suisse
53%
Hanoï Viêt Nam
53%
Kaboul Afghanistan
47%
Erevan Arménie
47%
Bakou Azerbaïdjan
47%
Sarajevo Bosnie-Herzégovine
47%
Nicosie Chypre
47%
Zagreb Croatie
47%
Tallinn Estonie
47%
Tbilissi Géorgie
47%
Conakry Guinée
47%
Bissau Guinée-Bissau
47%
Port-au-Prince Haïti
47%
Kingston Jamaïque
47%
Nairobi Kenya
47%
Koweït City Koweït
47%
Saint-Denis La Réunion
47%
Tripoli Libye
47%
Vilnius Lituanie
47%
Macao Macao
47%
Antananarivo Madagascar
47%
Fort-de-France Martinique
47%
Chișinău Moldavie
47%
Oulan-Bator Mongolie
47%
Papeete Polynésie française
47%
Damas Syrie
47%
Taipei Taïwan
47%
Caracas Venezuela
47%
Santiago Chili
40%
Kinshasa Congo (Kinshasa / RDC)
40%
Yamoussoukro (officielle) / Abidjan (économique) Côte d’Ivoire
40%
Quito Équateur
40%
Kuala Lumpur Malaisie
40%
Nouméa Nouvelle-Calédonie
40%
Asunción Paraguay
40%
Freetown Sierra Leone
40%
Bratislava Slovaquie
40%
Ljubljana Slovénie
40%
Djouba (répétition — Soudan du Sud confirmé) Soudan du Sud
40%
Ankara Turquie
40%
Montevideo Uruguay
40%
Nassau Bahamas
33%
Dacca Bangladesh
33%
Bandar Seri Begawan Brunei
33%
Ouagadougou Burkina Faso
33%
Moroni Comores
33%
Addis-Abeba Éthiopie
33%
Amman Jordanie
33%
Astana (Noursoultan anciennement) Kazakhstan
33%
Bichkek Kirghizistan
33%
Vaduz Liechtenstein
33%
Skopje Macédoine du Nord
33%
Podgorica Monténégro
33%
Islamabad Pakistan
33%
Manille Philippines
33%
Saint-Domingue République dominicaine
33%
Kyiv Ukraine
33%
Luanda Angola
27%
Libreville Gabon
27%
Accra Ghana
27%
Georgetown Guyana
27%
Cayenne Guyane française
27%
Malé Maldives
27%
Port-Louis Maurice
27%
Mamoudzou Mayotte
27%
Managua Nicaragua
27%
Niamey Niger
27%
Tachkent Ouzbékistan
27%
Khartoum Soudan
27%
Djouba Soudan du Sud
27%
Sri Jayawardenepura Kotte (officielle) / Colombo (économique) Sri Lanka
27%
Paramaribo Suriname
27%
N’Djamena Tchad
27%
Dili Timor oriental
27%
Achgabat Turkménistan
27%
Sanaa Yémen
27%
Manama Bahreïn
20%
Belmopan Belize
20%
Thimphou Bhoutan
20%
Gaborone Botswana
20%
San José Costa Rica
20%
Suva Fidji
20%
Basse-Terre Guadeloupe
20%
Malabo Guinée équatoriale
20%
Tegucigalpa Honduras
20%
Vientiane Laos
20%
Maseru Lesotho
20%
Lilongwe Malawi
20%
Maputo Mozambique
20%
Naypyidaw Myanmar (Birmanie)
20%
Mascate Oman
20%
Bangui République centrafricaine
20%
Kigali Rwanda
20%
Saint-Pierre Saint-Pierre-et-Miquelon
20%
Kingstown Saint-Vincent-et-les-Grenadines
20%
Douchanbé Tadjikistan
20%
Lomé Togo
20%
Port-Vila Vanuatu
20%
Bridgetown Barbade
13%
Porto-Novo Bénin
13%
Gitega Burundi
13%
Praia Cap-Vert
13%
Roseau Dominique
13%
Asmara Érythrée
13%
Mbabane (administrative) / Lobamba (royale et législative) Eswatini (ex-Swaziland)
13%
Banjul Gambie
13%
Tórshavn Îles Féroé
13%
Delap-Uliga-Darrit (Majuro) Îles Marshall
13%
Honiara Îles Salomon
13%
Monrovia Libéria
13%
Nouakchott Mauritanie
13%
Palikir Micronésie
13%
Windhoek Namibie
13%
Yaren (de facto) Nauru
13%
Abuja Nigeria
13%
Kampala Ouganda
13%
Ngerulmud Palaos
13%
Port Moresby Papouasie-Nouvelle-Guinée
13%
Castries Sainte-Lucie
13%
Basseterre Saint-Kitts-et-Nevis
13%
Apia Samoa
13%
Victoria Seychelles
13%
Mogadiscio Somalie
13%
Dodoma Tanzanie
13%
Nuku’alofa Tonga
13%
Port of Spain Trinité-et-Tobago
13%
Funafuti Tuvalu
13%
Lusaka Zambie
13%
Harare Zimbabwe
13%
Saint John’s Antigua-et-Barbuda
7%
Hamilton Bermudes
7%
King Edward Point Géorgie du Sud-et-les Îles Sandwich du Sud
7%
Nuuk Groenland
7%
Hagåtña Guam
7%
Saint Pierre Port Guernesey
7%
Avarua Îles Cook
7%
Saipan Îles Mariannes du Nord
7%
Saint-Hélier Jersey
7%
Tarawa-Sud Kiribati
7%
Alofi Niue
7%
San Juan Porto Rico
7%
Laâyoune Sahara occidental
7%
Mata-Utu Wallis-et-Futuna
7%
The Valley Anguilla
0%
Oranjestad Aruba
0%
Willemstad Curaçao
0%
Saint George’s Grenade
0%
Flying Fish Cove Île Christmas
0%
Douglas Île de Man
0%
Kingston Île Norfolk
0%
George Town Îles Caïmans
0%
West Island Îles Cocos (Keeling)
0%
Stanley Îles Falkland (Malvinas)
0%
Cockburn Town Îles Turques-et-Caïques
0%
Plymouth (officielle) / Brades (temporaire) Montserrat
0%
Adamstown Pitcairn
0%
Gustavia Saint-Barthélemy
0%
Jamestown Saint-Hélène, Ascension et Tristan da Cunha
0%
Marigot Saint-Martin (partie française)
0%
Philipsburg Sint Maarten (partie néerlandaise)
0%
Longyearbyen Svalbard et Jan Mayen
0%
Port-aux-Français Terres Australes et Antarctiques Française (TAAF)
0%
Aucune, les 3 atolls qui se gèrent elles même Tokelau
0%
Aucun quiz correspondant
Distribution des résultats
% des personnes avec chaque résultat
Percentile par nombre de réponses
Votre historique - résultats
Vous n’avez pas pris ce quiz depuis la dernière actualisation